LDR 00522naa#a2200157#i#450# 001 EN\\bibl\120744 005 20260419061448.7 011 ## _a2687-0185 100 ## _a20260416b2026####ek#y0engy0150####ca 102 ## _aRU 200 1# _aTHE EVOLUTION OF FEDERAL RELATIONS IN RUSSIA _eJournal article 210 1# _aMoscow _cMoscow University of the Ministry of Internal Affairs of Russia named after V.Ya. Kikot _d2026 215 ## _a3 с. 608 ## _aJournal article _2local 700 #1 _aPivent'ev _gAleksandr Sergeevich 856 4# _amosumvd.editorum.ru _u